| 000 | 00000nas##2200000za#4500 |
| 001 | 9.507633 |
| 003 | CaOODSP |
| 005 | 20200421173712 |
| 007 | cr ||||||||||| |
| 008 | 150406c2002||||xxc|| p o||||f| |0eng|d |
| 040 | |aCaOODSP|beng |
| 043 | |an-cn--- |
| 086 | 1 |aTU2-8E-PDF |
| 110 | 2 |aTransportation Safety Board of Canada. |
| 245 | 10|aTransportation safety reflexions. Air |h[electronic resource] |
| 246 | 1 |iAlternate title : |aSafety Refexions. Aviation |
| 260 | |aOttawa - Ontario : |bTransportation Safety Board of Canada |
| 310 | |aIrregular |
| 500 | |aTitle from cover. |
| 690 | 07|aAviation|2gcpds |
| 690 | 07|aTransportation safety|2gcpds |
| 775 | 08|tRéflexions sur la sécurité des transports. Aviation |w(CaOODSP)9.504018 |
| 776 | 0#|tTransportation safety reflexions. Air |w(CaOODSP)9.515118 |